000 01332cam a2200361 i 4500
001 19697250
003 NUST
005 20240605104803.0
008 170609s2018 nyuab b 001 0 eng
010 _a 2017011228
020 _a9781138692145
038 _aMalang Jan
040 _aDLC
_beng
_erda
_cDLC
_dDLC
042 _apcc
050 0 0 _aNA2543.S6
_bM566 2018
082 0 0 _a720.103
_223
100 1 _aMitchell, Maurice,
_eauthor.
_9123246
245 1 0 _aLoose fit city :
_bthe contribution of bottum-up architecture to urban design and planning /
_cMaurice Mitchell and Bo Tang.
264 1 _aNew York :
_bRoutledge,
_c2018.
300 _axviii, 234 pages :
_billustrations, maps ;
_c26 cm
336 _atext
_btxt
_2rdacontent
336 _astill image
_bsti
_2rdacontent
337 _aunmediated
_bn
_2rdamedia
338 _avolume
_bnc
_2rdacarrier
504 _aIncludes bibliographical references (pages 217-222) and index.
650 0 _aArchitecture and society.
650 0 _aCity planning.
700 1 _aTang, Bo
_q(Bo Ming),
_d1983-
_eauthor.
_9123247
906 _a7
_bcbc
_corignew
_d1
_eecip
_f20
_gy-gencatlg
942 _2ddc
_cBK
999 _c609492
_d609492